Programming With JAVA (Record no. 11552)

MARC details
000 -LEADER
fixed length control field 00371nam a22001697a 4500
003 - CONTROL NUMBER IDENTIFIER
control field OSt
008 - FIXED-LENGTH DATA ELEMENTS--GENERAL INFORMATION
fixed length control field 220923b ||||| |||| 00| 0 eng d
020 ## - INTERNATIONAL STANDARD BOOK NUMBER
International Standard Book Number 9789353162344
082 ## - DEWEY DECIMAL CLASSIFICATION NUMBER
Classification number 005.133 BAP
100 ## - MAIN ENTRY--PERSONAL NAME
Personal name BALAGURUSAMY,E
245 ## - TITLE STATEMENT
Title Programming With JAVA
250 ## - EDITION STATEMENT
Edition statement 6th
260 ## - PUBLICATION, DISTRIBUTION, ETC. (IMPRINT)
Place of publication, distribution, etc New Delhi
Name of publisher, distributor, etc TMH
Date of publication, distribution, etc 2021
300 ## - PHYSICAL DESCRIPTION
Extent 586
650 ## - SUBJECT ADDED ENTRY--TOPICAL TERM
Topical term or geographic name as entry element IT
942 ## - ADDED ENTRY ELEMENTS (KOHA)
Source of classification or shelving scheme Dewey Decimal Classification
Koha item type Text Books
Holdings
Withdrawn status Lost status Source of classification or shelving scheme Damaged status Not for loan Collection code Home library Current library Date acquired Source of acquisition Currency Cost, normal purchase price Bill Number Total Checkouts Full call number Acc. no. / Barcode Checked out Date last seen Date last borrowed Actual Cost, discounted price Bill Date Koha item type Public note
    Dewey Decimal Classification     B.Tech(IT) PIET C-LIBRARY PIET C-LIBRARY 03/09/2022 University Book Centre, Kurukshetra IN Rupees 645.00 9694 7 005.133 BAP 34186 11/03/2026 23/08/2025 23/08/2025 416.00 03/09/2022 Text Books Decentralisation of books

Design & Developed by: PIET Central Library
R70 Miles Stone Pattikalyana Samalkha Panipat 132102
mail ID :- [email protected], Phone No:- 0180-2569700 Ex.216